000 01941nam0a2200385 4500
001 RU\NLR\BIBL_A\022201006
005 20240611143816.0
010 _a978-5-9704-8340-4
_9700
021 _aRU
_bКН-П-24-011170
_9КН-П-24-1153
035 _a(NLR Aleph) 022201006
090 _a13043655
_c13043655
100 _a20240418d2024 u y0rusy50 ca
101 0 _arus
102 _aRU
105 _aа z 001yy
181 0 _ai
_baxxe
182 0 _an
200 1 _aРевматоидный артрит
_eруководство для врачей
_f[Воробьева Мария Азаматовна, Городецкий Вадим Романович, Дубинина Татьяна Васильевна, кандидаты медицинских наук и др.]
_gпод редакцией члена-корреспондента РАН А. М. Лилы
203 _aТекст
_bвизуальный
_cнепосредственный
205 _a2-е изд., перераб. и доп.
210 _aМосква
_cГЭОТАР-Медиа
_d2024
215 _a269, [1] с., [4] л. цв. ил.
_cил.
_d21
300 _aАвт. указаны на 6-й с.
320 _aБиблиогр. в конце частей
320 _aПредм. указ.: с. 269-270
606 1 _aРевматоидный артрит
_jРуководства, пособия и т.п
_2nlr_sh1
_2nlr_sh2
_3RU\NLR\AUTH\6638780
686 1 _aР554я77
701 1 _aВоробьёва
_bМ. А.
_cканд. мед. наук, ревматология
_gМария Азаматовна
_3RU\NLR\AUTH\770269014
701 1 _aГородецкий
_bВ. Р.
_gВадим Романович
701 1 _aДубинина
_bТ. В.
_gТатьяна Васильевна
702 1 _aЛила
_bА. М.
_gАлександр Михайлович
_4340
942 _cBOOK
980 _aNB